1093 1559 1591 1376 1860 1731 1867 1451 1374 1827 1875 1857 1016 1794 1830 1186 1582 1171 1250 1864 1751 1628 1810 1536 1575 1784 1242 1688 1053 1577 1648 1808 1508 1401 1525 1869 1859 1895 1576 1852 1793 1602 1276 1294 1772 1212 1635 1648 1999 1902 1314 1801 1267 1841 1126 1995 1328 1955 1886 1934 1119 1075 1166 1897 1773 1688 1569 1259 1183 1679 1793 1228 1269 1726 1431 1812 1805 1304 1611 1134 2000 1469 1310 1404 1828 1804 1756 1742 1215 1180 1126 1196 1879 1902 1702 1873 1859 1268 1069 BCNSPRNW ULIB Ver.6.0+V

เปลี่ยนเป็นภาษาไทย

Change to English
 แสดงรายละเอียดบรรณานุกรม
  กลับหน้าหลัก

Brief Record : Get Marc (ISO 2709) : E-mail record : QR code < ปิดหน้าต่าง
LEADER : 00000nam 2200000uu 4500
001    13399125570
003     ULIB
008    170630s2559||||th 000 0 tha d
020    ^a9786165071055
040    ^absi
060 04 ^aWB310^bส576ว
100 0  ^aสันต์ หัตถีรัตน์
245 10 ^aวาระสุดท้ายที่งดงาม /^cโดย สันต์ หัตถีรัตน์
250    ^aพิมพ์ครั้งที่ 1
260    ^aกรุงเทพฯ :^bหมอชาวบ้าน,^c2559
300    ^a211 หน้า :^bภาพประกอบ ;^c21 ซม.
650  4 ^aผู้ป่วยระยะสุดท้าย^xการดูแล
650  4 ^aผู้ป่วยหนัก^xการดูแล
650  4 ^aทัศนคติต่อการตาย
945    ^p0^l0^i002493
945    ^p0^l0^i002494
945    ^p0^l0^i002495
945    ^p0^l0^i002496
945    ^p0^l0^i002497
999    ^aวรรณษา ชูชัยมงคล
รายการนี้ยังไม่มีแท็ก
คุณยังไม่ได้ล็อกอิน คุณสามารถมีกิจกรรมร่วมกับเว็บไซต์ได้ แต่ต้องล็อกอินก่อน ::
  ล็อกอิน

รายการสื่อสารสนเทศ

ลำดับที่ ประเภท เลขเรียก/บาร์โค้ด สถานที่ สถานะ
1. วิทยาศาสตร์การแพทย์ และสุขภาพ
วิทยาศาสตร์การแพทย์ และสุขภาพ
สถานะ=หนังสือเก่า
WB310 ส576ว ฉ.1 
  Barcode: 002493
ห้องสมุดวิทยาเขตสวรรค์ประชารักษ์
►ส่วนจัดเก็บหนังสือเก่า สปร
บนชั้น
  ขอยืม
2. วิทยาศาสตร์การแพทย์ และสุขภาพ
วิทยาศาสตร์การแพทย์ และสุขภาพ
สถานะ=หนังสือเก่า
WB310 ส576ว ฉ.2 
  Barcode: 002494
ห้องสมุดวิทยาเขตสวรรค์ประชารักษ์
►ส่วนจัดเก็บหนังสือเก่า สปร
บนชั้น
  ขอยืม
3. วิทยาศาสตร์การแพทย์ และสุขภาพ
วิทยาศาสตร์การแพทย์ และสุขภาพ
สถานะ=หนังสือเก่า
WB310 ส576ว ฉ.3 
  Barcode: 002495
ห้องสมุดวิทยาเขตสวรรค์ประชารักษ์
►ส่วนจัดเก็บหนังสือเก่า สปร
บนชั้น
  ขอยืม
4. วิทยาศาสตร์การแพทย์ และสุขภาพ
วิทยาศาสตร์การแพทย์ และสุขภาพ
สถานะ=หนังสือเก่า
WB310 ส576ว ฉ.4 
  Barcode: 002496
ห้องสมุดวิทยาเขตสวรรค์ประชารักษ์
►ส่วนจัดเก็บหนังสือเก่า สปร
บนชั้น
  ขอยืม
5. วิทยาศาสตร์การแพทย์ และสุขภาพ
วิทยาศาสตร์การแพทย์ และสุขภาพ
สถานะ=หนังสือเก่า
WB310 ส576ว ฉ.5 
  Barcode: 002497
ห้องสมุดวิทยาเขตสวรรค์ประชารักษ์
►ส่วนจัดเก็บหนังสือเก่า สปร
บนชั้น
  ขอยืม

รายการใกล้เคียง
    ผู้แต่ง [สันต์ หัตถีรัตน์]

    หัวเรื่อง [ทัศนคติต่อการตาย]

BibComment


ยังไม่เคยถูกคอมเมนท์

คอมเมนท์ทรัพยากรรายการนี้
  คอมเมนท์: วาระสุดท้ายที่งด..


 Copyright 2026. Bcnsprnw @Library